| 000 | 01576cam a2200205 4500 | ||
|---|---|---|---|
| 001 | ABS63365 | ||
| 008 | 000000n2000 000 0 eng u | ||
| 035 | _a(Sirsi) u110259 | ||
| 100 | _aMadelin, K | ||
| 245 | _aRoads, reality and the customer | ||
| 260 | _c2000 | ||
| 490 | _aProceedings of the Institution of Civil Engineers: Transport | ||
| 520 | _aReviews current transport policy in the UK considering in particular the importance of the road network and the power of the customer in making choices. The context is set by looking at the relationship between transport and society and the importance given to transport by people as customers. The growth in the demand for transport is discussed and the importance of the car is recognised. The resulting transport problem is described together with the government's Transport White Paper. The policies to manage demand and encourage a transfer of mode are looked at in detail but the conclusion is that while such policies are justified, they will only have a limited impact due primarily to customers exercising choice. The paper concludes that the current policy is a high-risk strategy that is unlikely to be unsustainable unless provision is made for increasing road and rail capacity and more attention is paid to understanding the needs of the customer. Journal abstract. References. | ||
| 590 | _aABS | ||
| 650 | _aPROPERTY-INFRASTRUCTURE-TRANSPORT INFRASTRUCTURE-ROAD INFRASTRUCTURE | ||
| 650 | _aTRANSPORT PLANNING | ||
| 650 | _aSOCIAL EFFECTS | ||
| 690 | _aTRANSPORT AND COMMUNICATIONS | ||
| 942 | _n0 | ||
| 999 |
_c65749 _d65749 |
||